Numbers 1-50 in Finnish - Statistics

General Stats
  • This quiz has been taken 134 times
  • The average score is 38 of 50
Answer Stats
Digit Number in Finnish % Correct
2 kaksi
100%
3 kolme
100%
1 yksi
99%
4 neljä
94%
5 viisi
94%
7 seitsemän
93%
8 kahdeksan
92%
6 kuusi
92%
10 kymmenen
91%
9 yhdeksän
91%
12 kaksitoista
89%
11 yksitoista
88%
13 kolmetoista
85%
17 seitsemäntoista
85%
18 kahdeksantoista
84%
14 neljätoista
84%
15 viisitoista
84%
19 yhdeksäntoista
83%
16 kuusitoista
82%
20 kaksikymmentä
81%
24 kaksikymmentäneljä
76%
28 kaksikymmentäkahdeksan
75%
23 kaksikymmentäkolme
75%
26 kaksikymmentäkuusi
75%
27 kaksikymmentäseitsemän
75%
25 kaksikymmentäviisi
75%
29 kaksikymmentäyhdeksän
75%
21 kaksikymmentäyksi
75%
22 kaksikymmentäkaksi
74%
30 kolmekymmentä
74%
32 kolmekymmentäkaksi
71%
31 kolmekymmentäyksi
71%
33 kolmekymmentäkolme
70%
34 kolmekymmentäneljä
70%
38 kolmekymmentäkahdeksan
69%
36 kolmekymmentäkuusi
69%
37 kolmekymmentäseitsemän
69%
35 kolmekymmentäviisi
69%
40 neljäkymmentä
69%
39 kolmekymmentäyhdeksän
66%
41 neljäkymmentäyksi
64%
50 viisikymmentä
63%
42 neljäkymmentäkaksi
62%
43 neljäkymmentäkolme
61%
44 neljäkymmentäneljä
60%
47 neljäkymmentäseitsemän
60%
49 neljäkymmentäyhdeksän
60%
48 neljäkymmentäkahdeksan
58%
46 neljäkymmentäkuusi
58%
45 neljäkymmentäviisi
58%
No matching quizzes found
Score Distribution
Percent of People with Each Score
Percentile by Number Answered
Your Score History
You have not taken this quiz